LEADER 01177nam0-22003731i-450 001 990000770110403321 005 20221129143727.0 035 $a000077011 100 $a20020821d1962----km-y0itay50------ba 101 1 $aita$cger 102 $aIT 105 $aa---ac--001yy 200 1 $a<>templi greci$fHelmut Berve, Gottfried Gruben$gfotografie di Max Hirmer 210 $aFirenze$cSansoni$d1962 215 $a333 p., 176 p. di tav.$cill.$d29 cm 225 1 $a<>grandi civiltà artistiche 300 $aTraduzione di Mina Bacci e Giacomo Cacciapaglia 454 0$12001$aGriechische Tempel und Heiligtumer$952986 700 1$aBerve,$bHelmut$f<1896-1979>$036082 702 1$aGruben,$bGottfried 702 1$aHirmer,$bMax$f<1893-1981> 801 0$aIT$bUNINA$gRICA$2UNIMARC 901 $aBK 912 $a990000770110403321 952 $aARCH C 313$b6511$fFARBC 952 $aRARI C 49$b6512$fFARBC 952 $aART.FI C 191$b5718$fFARBC 952 $a04.015$b3737$fDARST 952 $aARCH. P 062 2$bARCH. 16703$fFLFBC 959 $aFARBC 959 $aDARST 959 $aFLFBC 996 $aGriechische Tempel und Heiligtumer$952986 997 $aUNINA LEADER 01505nam 2200349z- 450 001 9910694500603321 005 20080303110727.0 035 $a(CKB)5860000000022503 035 $a(BIP)019242582 035 $a(EXLCZ)995860000000022503 100 $a20220406c2007uuuu -u- - 101 0 $aeng 200 10$aExamining a legislative solution to extend and revise the Terrorism Risk Insurance Act (TRIA)$ehearing before the Subcommittee on Capital Markets, Insurance, and Government Sponsored Enterprises of the Committee on Financial Services, U.S. House of Representatives, One Hundred Tenth Congress, first session, June 21, 2007 215 $a1 online resource (v, 213 p.) $cill 311 $a0-16-079780-2 517 $aExamining a Legislative Solution to Extend and Revise the Terrorism Risk Insurance Act 606 $aTerrorism insurance$xLaw and legislation$zUnited States 606 $aTerrorism$xEconomic aspects$zUnited States 606 $aReinsurance$xLaw and legislation$zUnited States 610 $aTerrorism 610 $aReinsurance 610 $aInsurance law 610 $aPolitical science 610 $aBusiness & economics 610 $aLaw 615 0$aTerrorism insurance$xLaw and legislation 615 0$aTerrorism$xEconomic aspects 615 0$aReinsurance$xLaw and legislation 906 $aBOOK 912 $a9910694500603321 996 $aExamining a legislative solution to extend and revise the Terrorism Risk Insurance Act (TRIA)$93214327 997 $aUNINA